000 00294nam a22001337a 4500
008 180105b xxu||||| |||| 00| 0 eng d
020 _a9781934589526
041 _aeng
080 _a37
100 _a46
101 _aEDU
245 _aEFFECTIVE BUSINESS WRITING
_cDENNIS,M
942 _2udc
_cBK
999 _c39787
_d39787